000 00316nam a2200133Ia 4500
008 191201s2004 xx 000 0 und d
100 _aBILLY, Grey
245 0 _aLetters for All Occasions
250 _a1st
260 _aN.Delhi
_bPantagon Press
_c2004
300 _a208
650 _aGeneral Books
942 _2ddc
_cBK
999 _c2499
_d2499